Дело о выкупе земельных наделов временнообязанными крестьянами Д.Ф., Ф.Ф. Ушаковых сельца Алексеевки и деревни Чижиковой Темнико...

Доступно только в Электронных читальных залах Найти на картеНа карте
RUSMARC
00003990nmc2a2200000 x 450
00168e853be-e58f-41c1-a847-e8e05b4ce096
00520151216120042.0
100##$a20140416l18641865k l0rusy0189 ca
1010#$arus
102##$aRU
2001#$aДело о выкупе земельных наделов временнообязанными крестьянами Д.Ф., Ф.Ф. Ушаковых сельца Алексеевки и деревни Чижиковой Темниковского уезда Тамбовской губернии
$j22 апреля 1864 г. - 26 июня 1865 г.
251##$cДело
300##$aДело
300##$aОриг. заголовок дела: Дело Ушаковых Д.Ф., Ф.Ф. Тамбовской губернии Темниковского уезда сельца Алексеевки и деревни Чижиковой. 22 апреля 1864 г. - 26 июня 1865 г
801#0$aRU
$bРГИА
$c20140416
$gRCR
801#1$aRU
$bГлавНИВЦ
$c20140416
$2rusmarc
801#2$aRU
$bПБ им. Б.Н. Ельцина
$c20151216
$gRCR
$2rusmarc
850##$aРГИА
852##$aРГИА
$eФедеральное казенное учреждение "Российский государственный исторический архив" (РГИА)
$j1966
937##$hРГИА
$d11114607
$aASBIBLIO_SCAN
462#0$10017c5e74c9-979b-46fc-b2dd-52a15592f082
$12001
$a1863-1889 гг.
$1251
$cОпись
$1852
$j40
461#0$10018ef30ad5-ff5c-4840-a721-74c62a200f95
$12001
$aГлавное выкупное учреждение Министерства финансов
$1251
$cФонд
$1852
$j577
215##$a34 л.
$d36,5х26 см
371##$aДокумент не является опубликованным и широко распространяемым
105##$ay###
1222#$ad
5171#$aДело Ушаковых Д.Ф., Ф.Ф. Тамбовской губернии Темниковского уезда сельца Алексеевки и деревни Чижиковой. 22 апреля 1864 г. - 26 июня 1865 г
035##$a68e853be-e58f-41c1-a847-e8e05b4ce096
Формат отображения